[Event "Lichtenrader Herbst 2012"]
[Site "Berlin - Lichtenrade"]
[Date "2012.10.07"]
[Round "9.15"]
[White "Maiorov, Daniel"]
[Black "Lindemann, Christian"]
[Result "0-1"]
[WhiteElo "1979"]
[BlackElo "2231"]
[PlyCount "50"]
[EventDate "2012.??.??"]
[WhiteTeam "SV Oberursel"]
[BlackTeam "Schwarz-Weiß Neukölln e.V."]

1. Nc3 d5 2. e4 e6 3. Nf3 Nf6 4. e5 Ne4 5. d4 c5 6. Bf4 Nc6 7. Bd3 Nxc3 8. bxc3
c4 9. Be2 Qa5 10. O-O Qxc3 11. Bd2 Qa3 12. c3 b5 13. Ng5 h6 14. Nxf7 Kxf7 15.
Bh5+ Ke7 16. Qg4 Kd8 17. Rfb1 a6 18. Bc1 Qxc3 19. Bb2 Qd2 20. a4 b4 21. Rd1 Qg5
22. Qh3 Be7 23. Bf7 Qh4 24. Qe3 Rf8 25. Bg6 Qg5 0-1

[Event "Lichtenrader Herbst 2012"]
[Site "Berlin - Lichtenrade"]
[Date "2012.10.07"]
[Round "9.16"]
[White "Reichenbach, Werner"]
[Black "Schmidek, Emil"]
[Result "1-0"]
[WhiteElo "2280"]
[BlackElo "1854"]
[PlyCount "169"]
[EventDate "2012.??.??"]
[WhiteTeam "SC Oberkrämer"]
[BlackTeam "TSG Oberschöneweide e.V."]

1. e4 e5 2. Nf3 Nc6 3. Bb5 a6 4. Ba4 b5 5. Bb3 Nf6 6. d3 Be7 7. O-O O-O 8. Re1
d6 9. c3 Na5 10. Bc2 c5 11. Nbd2 Nc6 12. Nf1 Re8 13. Ng3 Bf8 14. h3 Qc7 15. Bg5
Be7 16. Nh4 h6 17. Bd2 Bf8 18. Nhf5 Ne7 19. Nxe7+ Qxe7 20. f4 g6 21. Rf1 Bg7
22. f5 Kh7 23. Qf3 Bd7 24. Bb3 Rab8 25. Bc2 Rbd8 26. a4 Bc6 27. axb5 axb5 28.
Ra6 Qb7 29. Rfa1 Ra8 30. Rxa8 Rxa8 31. Rxa8 Qxa8 32. Qf1 Qa2 33. fxg6+ fxg6 34.
Qc1 Nd7 35. Kh2 Nb6 36. Nf1 Bd7 37. Ne3 Be6 38. Bb1 Qb3 39. Nd1 Nd7 40. Be3 Nb8
41. Qd2 Nc6 42. Bf2 b4 43. Qc1 Bg8 44. Ne3 Be6 45. Nf1 Qa4 46. Bc2 Qa5 47. Bd1
b3 48. Nd2 Qa4 49. c4 Nd4 50. Nf3 Nc6 51. Qc3 Qb4 52. Bxb3 Qxc3 53. bxc3 Na5
54. Ba4 Bf6 55. Be3 Kg7 56. Kg3 g5 57. Kf2 Kf7 58. Nd2 Ke7 59. Bd1 Kf8 60. Nf1
Kf7 61. Ng3 Be7 62. Nf5 Bxf5 63. exf5 Kf6 64. g4 Nc6 65. Kf3 Nb8 66. Ke4 Nc6
67. Ba4 Nd8 68. Kd5 Kf7 69. Bc6 Nxc6 70. Kxc6 Bf8 71. Kd7 Kf6 72. Ke8 Be7 73.
d4 e4 74. Kd7 Kf7 75. Kc6 Bf8 76. Kd5 Ke7 77. Kxe4 Kd7 78. Kd5 Bg7 79. Ke4 Bf6
80. dxc5 dxc5 81. Bxc5 Bxc3 82. Bd4 Bb4 83. c5 Ba5 84. f6 Bd8 85. c6+ 1-0

[Event "Lichtenrader Herbst 2012"]
[Site "Berlin - Lichtenrade"]
[Date "2012.10.07"]
[Round "9.17"]
[White "Heerde, Thomas"]
[Black "Boettcher, Patrick"]
[Result "0-1"]
[WhiteElo "2023"]
[BlackElo "2193"]
[PlyCount "128"]
[EventDate "2012.??.??"]
[WhiteTeam "SC Weisse Dame e.V."]
[BlackTeam "SC Zitadelle Spandau 1977 e.V."]

1. Nf3 Nf6 2. g3 d5 3. Bg2 c5 4. O-O Nc6 5. d3 e5 6. Nbd2 Be7 7. e4 O-O 8. Re1
d4 9. Nc4 Qc7 10. a4 Re8 11. Rf1 Rb8 12. Nh4 b6 13. f4 a6 14. Nf5 Nd7 15. Qg4
Bf6 16. Ncd6 Re6 17. Nxc8 Rxc8 18. Bh3 Kh8 19. Rf2 Rd8 20. b3 b5 21. Qe2 Ree8
22. Kh1 Nb6 23. axb5 axb5 24. fxe5 Nxe5 25. Bf4 c4 26. bxc4 bxc4 27. g4 cxd3
28. cxd3 Qc3 29. Ra6 Nxd3 30. Rxb6 Nxf2+ 31. Qxf2 Qxh3 32. Nd6 Rf8 33. e5 Be7
34. g5 Kg8 35. Rb1 Qc3 36. Rd1 d3 37. Qe3 Ra8 38. Qxd3 Qc6+ 39. Qd5 Qxd5+ 40.
Rxd5 Ra2 41. Rd2 Rfa8 42. Kg1 Rxd2 43. Bxd2 Ra2 44. Be3 Re2 45. Bf4 Kf8 46. Kf1
Rc2 47. h4 Ra2 48. Bg3 Bd8 49. Bf2 Rc2 50. Kg1 Bc7 51. Bg3 Rb2 52. Kf1 Rc2 53.
Kg1 Bb6+ 54. Kf1 Bd4 55. Nf5 Bc5 56. Nd6 g6 57. Ne4 Ke7 58. Nxc5 Rxc5 59. Kf2
Rc3 60. Kg2 Ke6 61. Kf2 Kf5 62. Kg2 Kg4 63. Bf2 Rc2 64. Kg1 Rxf2 0-1

[Event "Lichtenrader Herbst 2012"]
[Site "Berlin - Lichtenrade"]
[Date "2012.10.07"]
[Round "9.18"]
[White "Feikes, Joerg"]
[Black "Burger, Heinrich"]
[Result "1-0"]
[WhiteElo "2038"]
[BlackElo "2152"]
[PlyCount "91"]
[EventDate "2012.??.??"]
[WhiteTeam "vereinslos"]
[BlackTeam "VfB Hermsdorf e.V."]

1. e4 c5 2. Nc3 Nc6 3. g3 g6 4. Bg2 Bg7 5. d3 d6 6. f4 e6 7. Nh3 Nge7 8. O-O
O-O 9. Kh1 f5 10. g4 d5 11. gxf5 gxf5 12. e5 Ng6 13. Bd2 Nh4 14. Rg1 Nxg2 15.
Rxg2 Kh8 16. Ng5 Qe8 17. Nb5 Qg6 18. Nd6 Nd8 19. Ngf7+ Nxf7 20. Rxg6 hxg6 21.
Nxc8 Raxc8 22. c3 Nh6 23. h3 Kg8 24. Qa4 Rc7 25. Rg1 Kf7 26. Rg3 b6 27. Kg2 Ng8
28. Kf3 Ne7 29. Qd1 Rh8 30. Qg1 Bh6 31. Be3 Rg8 32. Rg2 Nc6 33. Bf2 Bf8 34. h4
Bh6 35. h5 g5 36. fxg5 Nxe5+ 37. Ke2 f4 38. Kd1 Nf3 39. g6+ Ke8 40. Qf1 Ne5 41.
Qe1 Bg7 42. Rg5 Nc6 43. Qxe6+ Ne7 44. Rxd5 Rf8 45. Bh4 f3 46. Bxe7 1-0

[Event "Lichtenrader Herbst 2012"]
[Site "Berlin - Lichtenrade"]
[Date "2012.10.07"]
[Round "9.19"]
[White "Gebigke, Martin"]
[Black "Heldt, Ronny"]
[Result "1-0"]
[WhiteElo "2137"]
[BlackElo "1774"]
[PlyCount "77"]
[EventDate "2012.??.??"]
[WhiteTeam "SV Berolina Mitte e.V."]
[BlackTeam "SC Kreuzberg e.V."]

1. e4 e6 2. d4 d5 3. Nc3 Nf6 4. Bg5 dxe4 5. Nxe4 Nbd7 6. Nf3 h6 7. Nxf6+ Nxf6
8. Bh4 c5 9. Bd3 Be7 10. O-O O-O 11. dxc5 Qa5 12. Qe2 Qxc5 13. Ne5 Nd5 14. Qe4
f5 15. Bxe7 Qxe7 16. Qf3 Qc7 17. Rfe1 Nb4 18. Bc4 Kh7 19. Bb3 Na6 20. c3 Nc5
21. Bc2 a5 22. Qh5 Rf6 23. g4 g6 24. Qh4 Kg7 25. gxf5 exf5 26. Rad1 Be6 27. b4
axb4 28. cxb4 Rxa2 29. Bb1 Ra4 30. Qd4 Nb3 31. Qb2 Rxb4 32. Nd7 Rg4+ 33. Kh1
Bxd7 34. Re7+ Kg8 35. Qxb3+ Kf8 36. Rexd7 Qc6+ 37. f3 Rf4 38. Qa3+ Kg8 39. Ba2+
1-0

[Event "Lichtenrader Herbst 2012"]
[Site "Berlin - Lichtenrade"]
[Date "2012.10.07"]
[Round "9.80"]
[White "Mackowiak, Marek"]
[Black "Stern, Rene"]
[Result "1-0"]
[WhiteElo "2160"]
[BlackElo "2517"]
[PlyCount "134"]
[EventDate "2012.??.??"]
[BlackTeam "SK König Tegel 1949 e.V."]

1. Nf3 Nf6 2. g3 e6 3. Bg2 d5 4. c4 Be7 5. b3 O-O 6. O-O c5 7. Bb2 d4 8. e3 Nc6
9. exd4 cxd4 10. d3 Re8 11. a3 a5 12. Re1 Bc5 13. Nbd2 e5 14. Ng5 Bf8 15. Nge4
Ng4 16. h3 Nh6 17. Nf3 f6 18. Rc1 Nf7 19. Qd2 Be6 20. Rb1 Rb8 21. Qc2 Qd7 22.
Kh2 Rec8 23. Bc1 b6 24. g4 b5 25. Ng3 Qc7 26. Nd2 Ne7 27. Qd1 Ng6 28. cxb5 Rxb5
29. Nc4 Rbb8 30. Bd2 Bxc4 31. bxc4 Nf4 32. Be4 Ng5 33. Bxf4 exf4 34. Bd5+ Kh8
35. Nf5 Rxb1 36. Qxb1 g6 37. Nxd4 f3+ 38. Kh1 Qf4 39. Ne6 Nxe6 40. Rxe6 Bd6 41.
Rxd6 Qxd6 42. a4 Qb4 43. Qd1 Kg7 44. Bxf3 Re8 45. Kg2 Re1 46. Qc2 Ra1 47. Qe2
Rxa4 48. Qe3 Qf8 49. c5 Ra2 50. c6 Qd6 51. Qa7+ Kh6 52. h4 Rc2 53. Qxa5 Rxc6
54. g5+ Kg7 55. gxf6+ Qxf6 56. Qa7+ Kh6 57. Qe3+ Kg7 58. Bxc6 Qxc6+ 59. Qf3 Qd6
60. Qe4 Kf6 61. d4 h6 62. Kf3 Qd7 63. Kg3 h5 64. f3 Kf7 65. d5 Qa7 66. Qe6+ Kg7
67. Qe5+ Kh7 {später} 1-0

[Event "Lichtenrader Herbst 2012"]
[Site "Berlin - Lichtenrade"]
[Date "2012.10.07"]
[Round "9.79"]
[White "Donath, Johann"]
[Black "Kulpinski, Piotr"]
[Result "1-0"]
[WhiteElo "1880"]
[BlackElo "2010"]
[PlyCount "143"]
[EventDate "2012.??.??"]
[WhiteTeam "BSV 63 Chemie Weißensee"]

1. e4 c6 2. d4 d5 3. exd5 cxd5 4. Bd3 Nf6 5. c3 Bg4 6. Qb3 Qc7 7. Na3 Nc6 8.
Ne2 a6 9. Bf4 Qd7 10. O-O e6 11. f3 Bh5 12. Nc2 Bg6 13. Bxg6 hxg6 14. a4 Nh5
15. Ne3 Nxf4 16. Nxf4 Bd6 17. Nh3 Rb8 18. Rae1 O-O 19. Ng4 b5 20. Ng5 b4 21. f4
Qc7 22. Ne5 Bxe5 23. dxe5 Nd8 24. cxb4 f6 25. exf6 gxf6 26. Nf3 Qb6+ 27. Kh1
Qxb4 28. Qd3 Kg7 29. Nh4 f5 30. Re2 Rf7 31. Qxa6 Rc7 32. g3 Rbc8 33. Kg2 d4 34.
Nf3 Rc6 35. Qa7+ R8c7 36. Qxd4+ Qxd4 37. Nxd4 Rc4 38. Nxe6+ Nxe6 39. Rxe6 Rxa4
40. Rd1 Rc2+ 41. Kh3 Rxb2 42. Rdd6 Raa2 43. Rxg6+ Kh7 44. Kh4 Rxh2+ 45. Kg5 Ra5
46. Rd7+ Kh8 47. Rf6 Ra8 48. Rxf5 Rg8+ 49. Kf6 Rxg3 50. Rg5 Rxg5 51. Kxg5 Kg8
52. Kg6 Rg2+ 53. Kf6 Ra2 54. Rd8+ Kh7 55. Re8 Ra6+ 56. Re6 Ra1 57. f5 Rg1 58.
Re8 Rg2 59. Ke6 Re2+ 60. Kf7 Ra2 61. f6 Rf2 62. Re6 Ra2 63. Kf8 Ra1 64. f7 Ra8+
65. Re8 Ra7 66. Rd8 Ra1 67. Ke7 Re1+ 68. Kd6 Rd1+ 69. Kc7 Rc1+ 70. Kb6 Rf1 71.
f8=Q Rf6+ 72. Kc7 1-0